| 000 | 00516nam a2200181Ia 4500 | ||
|---|---|---|---|
| 008 | 230711s9999||||xx |||||||||||||| ||und|| | ||
| 020 | _a978-93-5176-657-5 | ||
| 041 | _aENG | ||
| 082 |
_a5 _bSH-U |
||
| 100 | _aSharma,Surbhi | ||
| 245 | 0 |
_aUGC Net/Set (JRF & LS) _bJunior reserach fellowship and lecturership |
|
| 250 | _a1st . . Ed. | ||
| 260 |
_c2016 _aNew Delhi _bArihant Publications (India) Limited |
||
| 300 | _a1127p. | ||
| 650 | _aComputer Engineering | ||
| 700 | _aGurunani,Kailash Chandra | ||
| 942 | _cBK | ||
| 999 |
_c6031 _d6031 |
||